Opúsculos (3) (Registo nº 201057)
[ vista simples ]
| 000 -Etiqueta do registo | |
|---|---|
| Valores | 00652nam 22001813 4500 |
| 021 ## - Número do Depósito Legal | |
| Número | 6573/84 |
| 100 ## - Dados gerais de processamento | |
| Dados gerais | 20260309d u||y0pory50 ba |
| 200 ## - Titulo e menção de responsabilidade | |
| Título próprio | Opúsculos (3) |
| Informação de outro título | Viana da Mota. Subsídios para uma biografia incluindo 22 cartas ao autor (2ª edição),Em louvor de Mozart (2º ed.), Evocação de Chopin (2ª ed), A música em Portugal |
| Primeira menção de responsabilidade | Fernando Lopes Graça |
| 210 ## - Publicação | |
| Local de publicação | Lisboa |
| Nome do editor | Editorial Caminho |
| Data de publicação | 1985 |
| 215 ## - Descrição física | |
| Paginação / Volumes | 175 p. |
| Outras indicações físicas | brochado |
| Dimensões | 20 cm |
| 606 ## - Nome comum usado como assunto | |
| ID Autoridade | 1103 |
| Palavra de ordem | Música |
| 675 ## - CDU | |
| Notação | 78 |
| Edição | PT |
| Língua | por |
| 700 ## - Autor principal (pessoa individual) | |
| ID Autoridade | 7496 |
| Apelido | Lopes-Graça |
| Nome | Fernando |
| 801 ## - Fonte de origem | |
| País | PT |
| Agência | BMMN |
| Regras de catalogação | RPC |
| 830 ## - Notas gerais do catalogador | |
| Criado por | Fernando |
| Indexado por | Fernando |
| 990 ## - Elementos KOHA | |
| Tipo de documento | Livro |
| Situação do levantamento | Biblioteca de origem | Código de barras | Cota | Permissão de empréstimo | Tipo de documento | Forma de aquisição |
|---|---|---|---|---|---|---|
| Biblioteca Municipal de Montemor-o-Novo | 30335 | 78 GRA|DEP | Livro | Compra |